000 00884nam0a2200277 i 4500
001 RU\NLR\BIBL_A\011311485
005 20260406045014.0
010 _a9785997339999
_950
021 _aRU
_b2016-96901
_96426
035 _a(NLR Aleph) 011311485
090 _a11024024
_c11024024
100 _a20170118d2016 u y0rusy50 ca
101 0 _arus
102 _aRU
105 _ay z 000ay
200 1 _aПоворот Днепра, или Русские на Луне
_eроман
_fВячеслав Сухнев
210 _aМосква
_cСпутник+
_d2016
215 _a369 с.
_d21
517 1 _aРусские на Луне
686 2 _aШ6(2=Р)8-440.4
700 1 _7ca
_8rus
_aСухнев
_bВ. Ю.
_gВячеслав Юрьевич
_9114743
_3RU\NLR\AUTH\774767
942 _cBOOK
980 _aNBR